Culture Générale - Série 288 - Statistiques

Statistiques générales
  • Ce quiz a été pris 262 fois
  • Le résultat moyen est 6 sur 10
Statistiques - réponses
Question Réponse % Correct
Quelle est, avec le blanc, l'autre couleur du drapeau tunisien ? Le Rouge
96%
Combien de cordes un ukulélé traditionnel comporte-t-il ? 4
95%
Quel héros de bande dessinée est le canard le plus riche du monde ? Picsou
94%
Dans quel art l'Autrichien Joseph Haydn s'est-il illustré ? La musique
81%
Dans quel pays se situe la ville de Salvador de Bahia ? Le Brésil
78%
Quel prix Nobel le Français Georges Charpak a-t-il reçu en 1992 ? Physique
73%
Comment appelle-t-on les habitants de Roubaix ? Les Roubaisiens
52%
Quelle femme écrivain est l'auteur des "Mémoires d'une jeune fille rangée" ? Simone de Beauvoir
26%
Quelle est l'avant-dernière lettre de l'alphabet grec ? Psi
18%
De quelle région viticole le vin de Bourgueil est-il un cru ? La Touraine
10%
Aucun quiz correspondant
Distribution des résultats
% des personnes avec chaque résultat
Percentile par nombre de réponses
Votre historique - résultats
Vous n’avez pas pris ce quiz